Antique Booksellers' Association (Record no. 120259)

MARC details
000 -LEADER
fixed length control field 00859cam a2200217 4500
001 - CONTROL NUMBER
control field WS121976
008 - FIXED-LENGTH DATA ELEMENTS--GENERAL INFORMATION
fixed length control field 030414n 000 0 eng u
035 ## - SYSTEM CONTROL NUMBER
System control number (Sirsi) u121976
110 ## - MAIN ENTRY--CORPORATE NAME
Corporate name or jurisdiction name as entry element Antique Booksellers' Association
9 (RLIN) 4431
245 ## - TITLE STATEMENT
Title Antique Booksellers' Association
520 ## - SUMMARY, ETC.
Summary, etc. Web site for this senior trade body for dealers in rare and fine books and manuscripts in the UK. Includes links to their Code of Good Practice, a list of members, a facility for searching for books and the 'Guide to Booksellers Descriptions of Rare Books'.
650 ## - SUBJECT ADDED ENTRY--TOPICAL TERM
Topical term or geographic name entry element ORGANISATION
650 ## - SUBJECT ADDED ENTRY--TOPICAL TERM
Topical term or geographic name entry element BOOKSELLERS
650 ## - SUBJECT ADDED ENTRY--TOPICAL TERM
Topical term or geographic name entry element RARE BOOKS
650 ## - SUBJECT ADDED ENTRY--TOPICAL TERM
Topical term or geographic name entry element MANUSCRIPTS
650 ## - SUBJECT ADDED ENTRY--TOPICAL TERM
Topical term or geographic name entry element BOOK FAIRS
650 ## - SUBJECT ADDED ENTRY--TOPICAL TERM
Topical term or geographic name entry element CODE OF CONDUCT
690 ## - LOCAL SUBJECT ADDED ENTRY--TOPICAL TERM (OCLC, RLIN)
Topical term or geographic name as entry element Arts and antiques
9 (RLIN) 6217
856 40 - ELECTRONIC LOCATION AND ACCESS
Uniform Resource Identifier <a href="https://www.aba.org.uk">https://www.aba.org.uk</a>
Public note View the website free of charge at www.aba.org.uk...
942 ## - ADDED ENTRY ELEMENTS (KOHA)
Suppress in OPAC 0
Holdings
Withdrawn status Lost status Source of classification or shelving scheme Damaged status Not for loan Home library Current library Shelving location Date acquired Total Checkouts Full call number Barcode Date last seen Copy number Price effective from Koha item type
    Dewey Decimal Classification     Virtual Virtual Online 14/04/2003   WEB SITE 121976-1001 06/08/2019 1 06/08/2019 Online material